| 000 | 01437cam a22003977a 4500 | ||
|---|---|---|---|
| 003 | CHAP | ||
| 005 | 20220329133818.0 | ||
| 008 | 100304s1981 mx r 00010 spa d | ||
| 010 | _a11251 | ||
| 011 | _a12223 | ||
| 035 | _a14524 | ||
| 040 | _cCHAP | ||
| 082 |
_a631.7 _bP45 |
||
| 100 | 0 | 0 |
_aPeña, Ildefonso de la. _986860 |
| 245 | 1 | 3 |
_aEl buen uso y manejo del agua de riego _b: riegos _c/por Ildefonso de la Peña |
| 260 |
_aCd. Obregón : _bSARH. Oficina de Ingeniería de Riego y Drenaje, _c1981 |
||
| 300 | _av. | ||
| 490 | 0 |
_aBoletín técnico _v; 8 |
|
| 505 | 0 | _aLa biblioteca tiene : Pte.2 | |
| 590 |
_aBATCH-UPD _b10 _c20130110 _lUCH01 _h0026 |
||
| 590 |
_aBATCH-UPD _b10 _c20130110 _lUCH01 _h1107 |
||
| 590 |
_aBATCH-UPD _b10 _c20130409 _lUCH01 _h2007 |
||
| 590 |
_aBATCH-UPD _b10 _c20130410 _lUCH01 _h0659 |
||
| 590 |
_aBATCH-UPD _b10 _c20130914 _lUCH01 _h0653 |
||
| 590 |
_aCONVERSION _b10 _c20130109 _lUCH01 _h1307 |
||
| 650 | 1 | 4 |
_aAgua para irrigacion. _92430 |
| 650 | 1 | 4 |
_aIrrigación. _960366 |
| 650 | 1 | 4 |
_aRiego por aspersión. _997375 |
| 710 | 0 |
_aMéxico. _bSecretaría de Agricultura y Recursos Hidráulicos _976864 |
|
| 830 | 0 |
_aBoletín técnico _v; 8 _913560 |
|
| 901 | _aBK | ||
| 942 | _cLIBRO | ||
| 949 |
_a631.7 P45 _bBC _cLIBRO _d33724002106025 _eLIBRO _fv.2 _h112018 _i14524 _sb |
||
| 949 |
_a631.7 P45 _bZ _cLIBRO _d-26673 _eLIBRO _fv.1 _h296 _i14524 _si |
||
| 949 |
_a631.7 P45 _bZ _cLIBRO _d-86517 _eLIBRO _fv.2 _h295 _i14524 _si |
||
| 999 |
_c11251 _d11251 |
||